[Event "45th Capablanca Mem Open"]
[Site "Havana CUB"]
[Date "2010.06.13"]
[Round "4"]
[White "Rodriguez Garcia,V"]
[Black "Fleites Marti,Y"]
[Result "1/2-1/2"]
[WhiteElo "2377"]
[BlackElo "2168"]
[EventDate "2010.06.10"]

1. e4 c5 2. Nf3 Nc6 3. Bb5 g6 4. Bxc6 dxc6 5. d3 Bg7 6. h3 Nf6 7. Nc3 Nd7
8. Be3 e5 9. Qd2 h6 10. O-O Qe7 11. Nh2 Nf8 12. f4 exf4 13. Bxf4 Ne6 14.
Bg3 Qg5 15. Qe1 Nd4 16. Qf2 O-O 17. Bd6 Bxh3 18. Bf4 Qxg2+ 19. Qxg2 Bxg2
20. Kxg2 Nxc2 21. Rad1 Rad8 22. Rd2 Nd4 23. Nf3 f5 24. exf5 Rxf5 25. Nxd4
Rxd4 26. Ne2 Rb4 27. b3 g5 28. Bb8 Rxf1 29. Kxf1 a5 30. Bd6 Bf8 31. Bxf8
Kxf8 32. Nc3 Rd4 33. Na4 Rd5 34. Rc2 Rxd3 35. Nxc5 Rf3+ 36. Kg2 Rf7 37. Rd2
Re7 38. Kf3 Kf7 39. Rd6 Kg7 40. Ne4 Rf7+ 41. Ke3 g4 42. Re6 a4 43. bxa4
Rf3+ 1/2-1/2

[Event "45th Capablanca Mem Open"]
[Site "Havana CUB"]
[Date "2010.06.13"]
[Round "4"]
[White "Pazos Gambarrotti,P"]
[Black "Juarez Flores,C"]
[Result "0-1"]
[WhiteElo "2296"]
[BlackElo "2374"]
[EventDate "2010.06.10"]

1. e4 e6 2. d4 d5 3. Nd2 c5 4. exd5 exd5 5. Ngf3 Nc6 6. Bb5 Bd6 7. O-O Nge7
8. dxc5 Bxc5 9. Nb3 Bb6 10. c3 O-O 11. Bf4 Bg4 12. Be2 Re8 13. Nfd4 Bxe2
14. Nxe2 Ng6 15. Bg3 Qf6 16. Qd2 Re4 17. Rae1 Rae8 18. Nec1 h5 19. Kh1 Rxe1
20. Rxe1 Rxe1+ 21. Qxe1 h4 0-1

[Event "45th Capablanca Mem Open"]
[Site "Havana CUB"]
[Date "2010.06.13"]
[Round "4"]
[White "Alonso Bouza,Julio"]
[Black "Cabrera Trujillo,J"]
[Result "1-0"]
[WhiteElo "2268"]
[BlackElo "2361"]
[EventDate "2010.06.10"]

1. e4 c5 2. Nf3 d6 3. d4 cxd4 4. Nxd4 Nf6 5. Nc3 a6 6. Bc4 e6 7. O-O b5 8.
Bb3 Be7 9. Be3 O-O 10. f4 b4 11. e5 bxc3 12. exf6 Bxf6 13. bxc3 d5 14. Qf3
Qc7 15. Rad1 Nd7 16. g4 Bb7 17. g5 Be7 18. f5 e5 19. f6 Nxf6 20. gxf6 Bxf6
21. Qg3 Kh8 22. Nf5 Rad8 23. Bg5 Bxg5 24. Qxg5 f6 25. Qg3 g6 26. Nh4 f5 27.
Rde1 f4 28. Qg5 e4 29. Rf2 Qxc3 30. Rxe4 Qa1+ 31. Rf1 Qc3 32. Re7 Qd4+ 33.
Kh1 Rd6 34. Qh6 1-0

[Event "45th Capablanca Mem Open"]
[Site "Havana CUB"]
[Date "2010.06.13"]
[Round "4"]
[White "Llorente Pupo, Ramon"]
[Black "Zepeda,S"]
[Result "1-0"]
[WhiteElo "2338"]
[BlackElo "2107"]
[EventDate "2010.06.10"]

1. e4 c5 2. Nf3 Nc6 3. Nc3 d6 4. d4 cxd4 5. Nxd4 Nf6 6. Bg5 e6 7. Qd2 a6 8.
O-O-O Qb6 9. Nb3 Bd7 10. f3 Qc7 11. Kb1 O-O-O 12. Be3 b5 13. a4 Na7 14. Qf2
Kb8 15. Bb6 Qc8 1-0

[Event "45th Capablanca Mem Open"]
[Site "Havana CUB"]
[Date "2010.06.13"]
[Round "4"]
[White "Mena Crespo,C"]
[Black "Espinosa Garcia,S"]
[Result "1-0"]
[WhiteElo "2337"]
[BlackElo "2134"]
[EventDate "2010.06.10"]

1. Nf3 Nf6 2. c4 g6 3. d4 Bg7 4. g3 d6 5. Nc3 O-O 6. Bg2 Nbd7 7. O-O e5 8.
e4 Re8 9. h3 exd4 10. Nxd4 Nc5 11. Re1 a5 12. Qc2 c6 13. Be3 a4 14. Rab1
Nfd7 15. b4 axb3 16. axb3 Nf8 17. b4 Nce6 18. Nde2 Nd7 19. Red1 Qe7 20. f4
Nc7 21. Qd2 Bf8 22. Bf2 Qe6 23. Nd4 Qe7 24. Nb3 Qe6 25. Qd3 Nf6 26. Re1 Qd7
27. b5 c5 28. Qc2 Qe6 29. Bf1 Rd8 30. e5 dxe5 31. Rxe5 Qb6 32. Nxc5 Qa5 33.
b6 Bf5 34. Rxf5 gxf5 35. Nxb7 1-0

[Event "45th Capablanca Mem Open"]
[Site "Havana CUB"]
[Date "2010.06.13"]
[Round "4"]
[White "Gutierrez,L"]
[Black "Pina Vega,S"]
[Result "1/2-1/2"]
[WhiteElo "2000"]
[BlackElo "2336"]
[EventDate "2010.06.10"]

1. e4 c5 2. Nf3 d6 3. d4 cxd4 4. Nxd4 Nf6 5. Nc3 Nc6 6. Be2 e5 7. Nb3 Be7
8. Be3 O-O 9. O-O a5 10. h3 a4 11. Nd2 a3 12. b3 Be6 13. Nc4 Nb4 14. Nb6
Ra5 15. Qd2 d5 16. exd5 Bxd5 17. Rfd1 Be6 18. Bc4 Qxd2 19. Rxd2 Bf5 20.
Ncd5 Nfxd5 21. Nxd5 Nxd5 22. Bxd5 Bb4 23. Bxb7 Bxd2 24. Bxd2 Ra7 25. Bd5
Bxc2 26. Rc1 Rd7 27. Bb4 Rc8 28. Be4 Rd1+ 29. Rxd1 Bxd1 30. Bxa3 Bc2 31.
Bxc2 Rxc2 32. Bd6 Rxa2 33. Bxe5 Ra5 34. Bd6 Rd5 35. Be7 Rd1+ 36. Kh2 f6 37.
b4 Kf7 38. Bc5 Ke6 39. Kg3 Rd3+ 40. Kf4 Kd5 41. h4 Rc3 42. Kf5 Rc4 43. h5
Re4 44. f4 Re8 45. g4 1/2-1/2

[Event "45th Capablanca Mem Open"]
[Site "Havana CUB"]
[Date "2010.06.13"]
[Round "4"]
[White "Guerra Mojena,L"]
[Black "Olivares Canelles,Francisco"]
[Result "1-0"]
[WhiteElo "2254"]
[BlackElo "2328"]
[EventDate "2010.06.10"]

1. e4 e5 2. Bc4 Nf6 3. d3 Be7 4. Nf3 d6 5. O-O O-O 6. Re1 c6 7. a4 Nbd7 8.
Nbd2 Qc7 9. c3 Re8 10. Nf1 Bf8 11. Ng3 g6 12. d4 Bg7 13. dxe5 Nxe5 14. Be2
Nxf3+ 15. Bxf3 Be6 16. Bf4 Rad8 17. Qc2 Ng4 18. a5 Ne5 19. Be2 Qe7 20. Be3
a6 21. f4 Bh6 22. Bc1 Nd7 23. Bf3 Nc5 24. c4 Qf6 25. Ne2 Bg7 26. Rb1 Bc8
27. b4 Ne6 28. Bb2 Qe7 29. Bxg7 Kxg7 30. Rbd1 Qf6 31. Qd2 Nc7 32. Ng3 Be6
33. Rc1 Kg8 34. Be2 Qh4 35. Bf1 Bc8 36. f5 Re5 37. Rcd1 Qe7 38. Bd3 Ne8 39.
Rf1 Nf6 40. Qf4 Kg7 41. Rd2 Ng8 42. Rdf2 Kh8 43. Qd2 Re8 44. Bb1 c5 45. b5
axb5 46. cxb5 c4 47. Ba2 Rc5 48. Rc1 Bd7 49. Rxc4 Rxb5 50. Rc7 g5 51. Qc3+
f6 52. Be6 Rd8 53. Rb2 Rc5 54. Rxc5 dxc5 55. Rxb7 Qd6 56. Rxd7 Rxd7 57.
Bxd7 Qd1+ 58. Nf1 Qxd7 59. Qxc5 Ne7 60. a6 Nc6 1-0

[Event "45th Capablanca Mem Open"]
[Site "Havana CUB"]
[Date "2010.06.13"]
[Round "4"]
[White "Borges Mateos,J"]
[Black "Infante,M"]
[Result "1-0"]
[WhiteElo "2468"]
[BlackElo "2277"]
[EventDate "2010.06.10"]

1. d4 d5 2. Nf3 Nf6 3. c4 c6 4. Nc3 a6 5. Qb3 dxc4 6. Qxc4 e6 7. Bg5 b5 8.
Bxf6 gxf6 9. Qb3 c5 10. Rd1 cxd4 11. Nxd4 Qb6 12. e3 Nd7 13. Be2 Nc5 14.
Qc2 Bb7 15. O-O Rc8 16. Bf3 f5 17. Rc1 Bg7 18. Bxb7 Qxb7 19. Ncxb5 axb5 20.
b4 Bf8 21. Nb3 Rg8 22. g3 Qe4 23. bxc5 Qxc2 24. Rxc2 e5 25. Rd1 Rg6 26. Rd5
Re6 27. f4 f6 28. Kf2 Rd8 29. Rxd8+ Kxd8 30. fxe5 fxe5 31. e4 fxe4 32. Ke3
Ra6 33. Kxe4 Bg7 34. Kd5 Rf6 35. Re2 Ke7 36. Rxe5+ 1-0

[Event "45th Capablanca Mem Open"]
[Site "Havana CUB"]
[Date "2010.06.13"]
[Round "4"]
[White "Fernandez Cardoso,A"]
[Black "Lebredo Zaragoitia,G"]
[Result "1-0"]
[WhiteElo "2416"]
[BlackElo "2262"]
[EventDate "2010.06.10"]

1. e4 e6 2. Nf3 d5 3. e5 Nh6 4. d4 c5 5. c3 Nc6 6. Bd3 cxd4 7. cxd4 Nf5 8.
Be3 Qb6 9. Qd2 Nxe3 10. fxe3 Be7 11. Nc3 Bd7 12. O-O Rc8 13. Kh1 O-O 14. e4
Nb4 15. Bb1 Bc6 16. a3 dxe4 17. Nxe4 Nd5 18. Nfg5 Bb5 19. Rf3 h6 20. Nh3
Rc4 21. Rb3 f5 22. Nc3 Rxd4 23. Qc2 Nxc3 24. bxc3 Re4 25. Qc1 Rg4 26. Qb2
a6 27. c4 Rxc4 28. Bd3 Qc6 29. Bxc4 Qxc4 30. Rc1 Qa4 31. Nf2 Qf4 32. Rf3
Qa4 33. Rc7 Rd8 34. Qb3 Qa5 35. Qxe6+ Kh8 36. Rc1 Bxa3 37. Ra1 Qd2 38.
Rfxa3 Qxf2 39. Rf3 Qd4 40. Re1 Bc6 41. Rff1 Qg4 42. Qa2 f4 43. Qf2 Re8 44.
Kg1 Re6 45. h3 Qg5 46. Qb2 f3 47. Rf2 fxg2 48. Qc2 Qe7 49. Qc3 Rg6 50. Rf4
Re6 51. Re2 Qd8 52. Qb4 Qd3 53. Qf8+ Kh7 54. Qf5+ Qxf5 55. Rxf5 Kg6 56. Rf8
a5 57. Re3 Kh7 58. Rd8 Kg6 59. Rf8 Kh7 60. h4 h5 61. Rf7 Kg8 62. Rc7 Kf8
63. Re2 Re7 64. Rc8+ Kf7 65. Rh8 Re8 66. Rxh5 Rd8 67. e6+ Ke7 68. Re1 a4
69. Rg5 Rd3 70. Rxg7+ Ke8 71. e7 Rh3 72. Rg8+ Kf7 73. e8=Q+ Bxe8 74. Rgxe8
Rxh4 75. R1e7+ Kf6 76. Rxb7 Rc4 77. Ra7 Kf5 78. Kxg2 Rb4 79. Rea8 Rb2+ 80.
Kf1 Ke5 81. Rxa4 1-0

[Event "45th Capablanca Mem Open"]
[Site "Havana CUB"]
[Date "2010.06.13"]
[Round "4"]
[White "Diaz Hernandez,H"]
[Black "Llaudy Pupo,L"]
[Result "1/2-1/2"]
[WhiteElo "2335"]
[BlackElo "2224"]
[EventDate "2010.06.10"]

1. e4 Nf6 2. Nc3 d5 3. e5 Ne4 4. Nce2 Nc5 5. d4 Ne6 6. f4 g6 7. Nf3 Ng7 8.
b3 Bg4 9. Ng3 h5 10. h3 Bxf3 11. Qxf3 h4 12. Ne2 Nc6 13. Bb2 Nb4 14. Qc3 e6
15. a3 Nc6 16. O-O-O Nf5 17. g4 hxg3 18. Nxg3 Nce7 19. Nxf5 gxf5 20. Kb1
Rh4 21. Be2 Bh6 22. Bc1 Ng6 23. Qb4 Qc8 24. c4 Bf8 25. Qc3 c6 26. cxd5 cxd5
27. Bb5+ Kd8 28. Qg3 a6 29. Be2 Bh6 30. Bd2 Ke8 31. Rhg1 Qd8 32. Rdf1 Qb6
33. Ka2 Qxd4 34. Bc3 Qb6 35. Bd2 Rc8 36. Rc1 Rxc1 37. Rxc1 Bxf4 38. Bxf4
Rxf4 39. Qc3 Rf2 40. Rc2 Rf4 41. Qc8+ Qd8 42. Qxb7 Ne7 43. Bxa6 Re4 44. Rc7
Kf8 45. Rd7 Qa5 46. b4 Qa4 47. Bd3 Rf4 48. Qa7 Qxa7 49. Rxa7 Rf3 50. Ba6 d4
51. b5 Nd5 52. Rd7 Rf2+ 53. Kb3 d3 54. b6 d2 55. Rxd5 exd5 56. Kc2 d1=Q+
57. Kxd1 Rb2 58. b7 Ke7 59. a4 Kd8 60. Kc1 Rb6 61. a5 Rb4 62. Kd2 Kc7 63.
Bd3 Kxb7 64. Bxf5 Ka6 65. Kd3 Kxa5 66. e6 fxe6 67. Bxe6 Rh4 68. Bxd5 Rxh3+
69. Kc2 Ra3 70. Kb2 Kb4 71. Ba2 Rg3 72. Ka1 Rg1+ 73. Bb1 1/2-1/2

[Event "45th Capablanca Mem Open"]
[Site "Havana CUB"]
[Date "2010.06.13"]
[Round "4"]
[White "Perez Perez,O"]
[Black "Miranda Llanes,Y"]
[Result "1/2-1/2"]
[WhiteElo "2318"]
[BlackElo "2170"]
[EventDate "2010.06.10"]

1. e4 e5 2. Nf3 Nc6 3. Nc3 Nf6 4. Bb5 Bc5 5. O-O O-O 6. Nxe5 Bd4 7. Nf3
Bxc3 8. dxc3 Nxe4 9. Re1 Re8 10. Bd3 d5 11. Ng5 Bf5 12. Bf4 Qf6 13. Nxe4
dxe4 14. Bf1 Ne5 15. Qd4 Bg6 16. Bg3 h5 17. a4 c6 18. a5 a6 19. h3 h4 20.
Bh2 Rad8 21. Qe3 Rd5 22. c4 Rd4 23. Red1 Red8 24. Rxd4 Rxd4 25. Qf4 Qxf4
26. Bxf4 f6 27. Be3 Rd7 28. Be2 Bf7 29. b3 Be6 30. Kf1 Kf7 31. Rd1 Rxd1+
32. Bxd1 Nd7 33. Ke2 Bf5 34. Kd2 g5 35. Bd4 Ke6 36. c3 Bg6 37. Be3 Ne5 38.
Be2 Bf7 39. Kc2 Kd6 40. Kb2 Nd3+ 41. Bxd3 exd3 42. Kc1 Bg6 43. Kd2 Ke5 44.
Bd4+ Ke6 45. Ke3 Bh7 46. Bc5 Bf5 47. Ba3 Ke5 48. Bc5 Ke6 1/2-1/2

[Event "45th Capablanca Mem Open"]
[Site "Havana CUB"]
[Date "2010.06.13"]
[Round "4"]
[White "Corrales Jimenez,Z"]
[Black "Gil Suarez,J"]
[Result "0-1"]
[WhiteElo "2166"]
[BlackElo "1752"]
[EventDate "2010.06.10"]

1. e4 c5 2. Nf3 e6 3. d4 cxd4 4. Nxd4 Nc6 5. c4 Nf6 6. Nxc6 bxc6 7. Bd3 e5
8. Nc3 Bc5 9. O-O h6 10. Be2 d6 11. h3 Bd4 12. Qd3 Rb8 13. Qg3 g5 14. Rb1
Bxc3 15. Qxc3 Nxe4 16. Qc2 Nc5 17. Be3 Ne6 18. Bf3 Qc7 19. Rfd1 c5 20. Qf5
Ke7 21. Bd5 Bd7 22. h4 f6 23. hxg5 hxg5 24. Qe4 Rbf8 25. Bxe6 Bxe6 26. b4
Rh4 27. f4 f5 28. Qd3 gxf4 29. bxc5 dxc5 30. Rb7 Qxb7 31. Bxc5+ Kf7 32.
Bxf8 Rg4 33. Qh3 Kxf8 34. c5 f3 0-1

[Event "45th Capablanca Mem Open"]
[Site "Havana CUB"]
[Date "2010.06.13"]
[Round "4"]
[White "Mendez Fortes,E"]
[Black "Cueto Rodriguez,Y"]
[Result "0-1"]
[WhiteElo "2310"]
[BlackElo "2134"]
[EventDate "2010.06.10"]

1. e4 e5 2. Nf3 Nc6 3. Bb5 a6 4. Ba4 Nf6 5. O-O b5 6. Bb3 Be7 7. Re1 d6 8.
c3 O-O 9. h3 Na5 10. Bc2 c5 11. d4 Qc7 12. Nbd2 cxd4 13. cxd4 Nc6 14. d5
Nb4 15. Bb1 a5 16. a3 Na6 17. Nf1 Bd7 18. g4 a4 19. Bd2 Rac8 20. Ng3 Kh8
21. Nf5 Bxf5 22. gxf5 Nc5 23. Bc2 Ncd7 24. Rc1 Qb7 25. Qe2 Bd8 26. Kh2 Qa7
27. Rg1 Ba5 28. Bg5 h6 29. Be3 Bb6 30. Rg2 Bxe3 31. fxe3 Nxe4 32. Rcg1 Rxc2
33. Qxc2 Qxe3 34. Qe2 Qf4+ 35. Kh1 Qxf5 36. Nh2 Ndf6 37. Rf1 Qxh3 38. Rf3
Qh4 39. Qxb5 Ng5 40. Rf1 Qd4 41. Qc6 Nh5 0-1

[Event "45th Capablanca Mem Open"]
[Site "Havana CUB"]
[Date "2010.06.13"]
[Round "4"]
[White "Fernandez Hernandez,A"]
[Black "Frometa Castillo,Z"]
[Result "0-1"]
[WhiteElo "2303"]
[BlackElo "2109"]
[EventDate "2010.06.10"]

1. d4 d5 2. Nf3 e6 3. e3 Bd6 4. b3 Nd7 5. Bb2 f5 6. c4 c6 7. h4 Ngf6 8. a3
O-O 9. Nbd2 Ng4 10. Qc2 Ndf6 11. Ne5 Bxe5 12. dxe5 Ne4 13. f3 Ng3 14. Rh3
Nxe3 15. Qc3 d4 16. Qd3 Ngxf1 17. Nxf1 Nxg2+ 18. Kf2 Nf4 19. Qxd4 Nxh3+ 20.
Kg3 Qxd4 21. Bxd4 b6 22. Kxh3 c5 23. Be3 Bb7 24. Bg5 Bxf3 25. Be7 Rf7 26.
Bd6 f4 27. Nd2 Bc6 28. b4 cxb4 29. axb4 g6 30. b5 Bb7 31. Kh2 a6 32. bxa6
Rxa6 33. Rxa6 Bxa6 34. c5 bxc5 35. Bxc5 Rc7 36. Ne4 Bb7 37. Nf6+ Kf7 38.
Bg1 Rc2+ 39. Kh3 h5 40. Nh7 Bg2+ 41. Kh2 Bf3+ 0-1

[Event "45th Capablanca Mem Open"]
[Site "Havana CUB"]
[Date "2010.06.13"]
[Round "4"]
[White "Zavarce,Oscar Enrique"]
[Black "Vigoa Apecheche,Yan"]
[Result "1/2-1/2"]
[WhiteElo "2124"]
[BlackElo "2302"]
[EventDate "2010.06.10"]

1. e4 c5 2. Nf3 Nc6 3. Bb5 g6 4. O-O Bg7 5. c3 Nf6 6. Re1 O-O 7. d4 cxd4 8.
cxd4 d5 9. e5 Ne4 10. Nbd2 Nxd2 11. Bxd2 Qb6 12. Qa4 Bd7 13. Rac1 Rac8 14.
Rc5 Nxd4 15. Qxd4 Bxb5 16. Rxd5 Qxd4 17. Rxd4 Bc6 18. Bf4 Bxf3 19. gxf3 Rc2
20. Rb4 b6 21. Rd1 f6 22. e6 Rc6 23. Rd7 a5 24. Re4 g5 25. Bd2 Re8 26. f4
f5 27. Re2 g4 28. b4 Rc2 29. bxa5 bxa5 30. a3 Bf6 31. Rd5 a4 32. Kf1 Ra2
33. Bb4 Ra1+ 34. Re1 Rc8 35. Rxa1 Bxa1 36. Rxf5 Rc6 37. Rg5+ Kf8 38. f5 Rc4
39. f6 Bxf6 40. Rf5 Kg8 41. Ra5 Rc6 42. Rxa4 Rxe6 43. Bd2 h5 44. Ra5 Be5
45. Kg2 h4 46. h3 g3 47. Bg5 gxf2 48. Bxh4 Bd4 49. Rf5 1/2-1/2

[Event "45th Capablanca Mem Open"]
[Site "Havana CUB"]
[Date "2010.06.13"]
[Round "4"]
[White "Castillo Coca,M"]
[Black "Llorente,J"]
[Result "1-0"]
[WhiteElo "2106"]
[BlackElo "2295"]
[EventDate "2010.06.10"]

1. d4 g6 2. Nf3 Bg7 3. Bf4 d6 4. c4 Nf6 5. e3 O-O 6. Be2 c5 7. h3 Qb6 8.
Nc3 Qxb2 9. Nb5 Qb4+ 10. Nd2 Na6 11. O-O Qa5 12. Nb3 Qb6 13. a4 Nd7 14. Bf3
e5 15. Bg5 f6 16. Bd5+ Kh8 17. Bh4 Ndb8 18. Qf3 g5 19. Bg3 f5 20. Rad1 cxd4
21. exd4 Nb4 22. a5 Qd8 23. Bxb7 e4 24. Qc3 Na2 25. Qd2 Bxb7 26. Bxd6 Rf7
27. Bc5 Bc6 28. Qxa2 a6 29. Bb6 Qf6 30. Nc7 g4 31. hxg4 fxg4 32. d5 Bb7 33.
Nxa8 Bxa8 34. Bd4 Qh6 35. Bxg7+ Rxg7 36. Qd2 Qh5 37. Qf4 Nd7 38. Nd4 Rf7
39. Qxe4 Ne5 40. Rb1 Bb7 41. Rfe1 1-0

[Event "45th Capablanca Mem Open"]
[Site "Havana CUB"]
[Date "2010.06.13"]
[Round "4"]
[White "Ubaldo Suarez,M"]
[Black "Morales Romero,R"]
[Result "0-1"]
[WhiteElo "2041"]
[BlackElo "2277"]
[EventDate "2010.06.10"]

1. d4 d6 2. c4 Nf6 3. Nc3 Nbd7 4. e4 e5 5. Nf3 Be7 6. Be2 O-O 7. O-O c6 8.
Qc2 Re8 9. Re1 Bf8 10. d5 g6 11. dxc6 bxc6 12. b3 Nh5 13. g3 Nc5 14. Ba3 a5
15. Bxc5 dxc5 16. Rad1 Qc7 17. Na4 Ng7 18. Qc3 Bg4 19. Ng5 h5 20. h3 Bc8
21. Kg2 f6 22. Nf3 Ne6 23. Nh4 Kf7 24. Nf3 Nd4 25. Nh2 Be6 26. g4 hxg4 27.
Bxg4 Bd6 28. Bxe6+ Kxe6 29. Rd3 Rh8 30. Rg3 Rh6 31. Qd3 Rah8 32. Qd1 Qh7
33. Nf3 Ke7 34. Rh1 g5 35. Qe1 g4 36. Ng1 Rh4 37. Nc3 Ne6 38. Qe3 Ng5 39.
Kf1 gxh3 40. Nf3 Nxf3 41. Qxf3 h2 42. Qg2 Kf7 43. Nd1 a4 44. Ne3 Qxe4 45.
Qxe4 Rxe4 46. Nf5 Ke6 47. Ne3 axb3 48. axb3 Reh4 49. Kg2 e4 50. Rg4 Rxg4+
51. Nxg4 f5 52. Nxh2 Rxh2+ 53. Rxh2 Bxh2 54. Kxh2 f4 55. Kh3 Kf5 0-1

[Event "45th Capablanca Mem Open"]
[Site "Havana CUB"]
[Date "2010.06.13"]
[Round "4"]
[White "Pedersen,F"]
[Black "Guillen Ramirez,J"]
[Result "1-0"]
[WhiteElo "2315"]
[BlackElo "2223"]
[EventDate "2010.06.10"]

1. Nf3 d5 2. d4 Nf6 3. c4 e6 4. Bg5 Bb4+ 5. Nc3 dxc4 6. Ne5 b5 7. a4 c6 8.
g3 Bb7 9. Bg2 Qc8 10. Bxf6 gxf6 11. Ng4 Nd7 12. e4 a6 13. O-O h5 14. Ne3 h4
15. Qf3 Qc7 16. Nc2 Bd6 17. e5 fxe5 18. axb5 Rc8 19. bxa6 Ba8 20. Qe2 hxg3
21. hxg3 exd4 22. Nxd4 Ne5 23. Ne4 Be7 24. Nf3 c5 25. Ned2 Ng4 26. Qxc4 Rg8
27. a7 Bf6 28. Ra6 Ke7 29. Re1 Bb7 30. Ne4 Bxa6 31. Qxa6 Ra8 32. Nxf6 Kxf6
33. Ra1 Nxf2 34. Qf1 Ng4 35. Nh2+ Ke7 36. Nxg4 Rxa7 37. Qf6+ Ke8 38. Rxa7
Qxa7 39. Bf3 Qe7 40. Kg2 Kf8 41. Qc3 Qd6 42. Ne5 Ke7 43. Qe3 f6 44. Nc6+
Kd7 45. Qf2 Rc8 46. Na5 Rb8 47. Nb7 Qb6 48. Nxc5+ Ke7 49. b4 Rd8 50. Qc2 f5
51. Qc3 Rb8 52. Qg7+ Kd6 53. Nb7+ Rxb7 54. Qxb7 Qe3 55. Qc6+ 1-0

[Event "45th Capablanca Mem Open"]
[Site "Havana CUB"]
[Date "2010.06.13"]
[Round "4"]
[White "Zepeda,L"]
[Black "Gonzalez Vega,A"]
[Result "1-0"]
[WhiteElo "2152"]
[BlackElo "2291"]
[EventDate "2010.06.10"]

1. e4 e6 2. d3 d5 3. Nd2 c5 4. Ngf3 Nc6 5. g3 g6 6. Bg2 Bg7 7. O-O Nge7 8.
Re1 h6 9. c3 O-O 10. Nf1 b6 11. exd5 exd5 12. h4 Be6 13. Bf4 Qd7 14. Ne5
Nxe5 15. Bxe5 Bxe5 16. Rxe5 Nc6 17. Re1 Rae8 18. Qf3 Ne7 19. Qf4 Kh7 20. d4
c4 21. Re2 Ng8 22. Rae1 Re7 23. Ne3 f5 24. Nxd5 Bxd5 25. Bxd5 Qxd5 26.
Rxe7+ Nxe7 27. Rxe7+ Rf7 28. Qc7 1-0

[Event "45th Capablanca Mem Open"]
[Site "Havana CUB"]
[Date "2010.06.13"]
[Round "4"]
[White "Romero Echeverria,A"]
[Black "Ramon Pita,V"]
[Result "1/2-1/2"]
[WhiteElo "2054"]
[BlackElo "2267"]
[EventDate "2010.06.10"]

1. e4 e5 2. Nf3 Nc6 3. d4 exd4 4. Nxd4 Nf6 5. Nxc6 bxc6 6. e5 Qe7 7. Qe2
Nd5 8. c4 Nb6 9. Nc3 a5 10. Qe4 g6 11. Bd3 Bg7 12. f4 O-O 13. O-O Ba6 14.
b3 d5 15. Qe2 dxc4 16. bxc4 Bxc4 17. Ne4 Bxd3 18. Qxd3 Rfd8 19. Qc2 Qe6 20.
Ba3 Qc4 21. Qxc4 Nxc4 22. Be7 Rd4 23. Nf6+ Bxf6 24. exf6 Re4 25. Rae1 Re6
26. Rxe6 fxe6 27. Rc1 Nb6 28. Rxc6 Nd5 29. Rxe6 Nxf4 30. Rc6 Rc8 31. g3 Nd5
32. Rc5 Nxe7 33. fxe7 Kf7 34. Rxa5 Kxe7 35. Kf2 Kd6 36. Ke3 Rb8 37. Kd4 Rb2
38. h4 Rb4+ 39. Kc3 c5 40. Ra8 Rg4 41. Rd8+ Kc6 42. Rd3 Kb5 43. Rf3 Rc4+
44. Kb3 Re4 45. Kc3 Re2 46. a3 Re4 47. Kd3 Ra4 48. Kc2 Ra7 49. g4 Ra4 50.
Rg3 h5 51. gxh5 gxh5 52. Rb3+ Kc6 53. Rh3 Rg4 54. Kc3 Kb5 55. Kb3 Rc4 56.
Rh1 Rg4 57. Rh3 c4+ 58. Kc3 Kc5 59. a4 Rf4 60. Rg3 Rxh4 61. Rg5+ Kb6 62.
a5+ Ka6 63. Kb4 Rh1 64. Kxc4 h4 65. Rh5 h3 66. Kb3 Rh2 67. Ka3 1/2-1/2

[Event "45th Capablanca Mem Open"]
[Site "Havana CUB"]
[Date "2010.06.13"]
[Round "4"]
[White "Pulvett,D"]
[Black "Rincon Gonzalez,Li"]
[Result "1-0"]
[WhiteElo "2243"]
[BlackElo "1847"]
[EventDate "2010.06.10"]

1. d4 d5 2. c4 c6 3. Nf3 Nf6 4. e3 e6 5. Nbd2 Bd6 6. Bd3 Nbd7 7. O-O O-O 8.
e4 e5 9. cxd5 cxd5 10. exd5 exd4 11. Nc4 Bc5 12. Bg5 Qc7 13. a3 Nxd5 14. b4
Be7 15. Bxe7 Nxe7 16. Nxd4 a6 17. Rc1 Nf6 18. Ne3 Qd8 19. Be2 Ng6 20. Ndf5
Ne5 21. Qd6 Nc6 22. Rfd1 Be6 23. Qg3 1-0

[Event "45th Capablanca Mem Open"]
[Site "Havana CUB"]
[Date "2010.06.13"]
[Round "4"]
[White "Osorio,F"]
[Black "Cancio Bello Ayes,F"]
[Result "1/2-1/2"]
[WhiteElo "2232"]
[BlackElo "2075"]
[EventDate "2010.06.10"]

1. e4 c5 2. Nc3 Nc6 3. g3 g6 4. Bg2 Bg7 5. d3 d6 6. Be3 Rb8 7. Qd2 b5 8.
Nge2 b4 9. Nd1 Nd4 10. O-O h5 11. Nc1 Bd7 12. c3 bxc3 13. bxc3 Nc6 14. h3
Qc8 15. Kh2 Nf6 16. f4 O-O 17. Ne2 Ne8 18. f5 Kh7 19. g4 hxg4 20. hxg4 Rh8
21. Bf3 Ne5 22. Kg2 Kg8 23. Nf4 Nf6 24. Nf2 gxf5 25. gxf5 Nxf3 26. Kxf3 Qb7
27. Rg1 Kf8 28. Qc2 Rc8 29. Rab1 Qc6 30. Ke2 Nh5 31. Nxh5 Rxh5 32. Rg4 e6
33. Rbg1 Bf6 34. Rg8+ Ke7 35. fxe6 Bxe6 36. c4 Rh2 37. Rxc8 Bxc8 38. Qb3
Qb7 39. Qxb7+ Bxb7 40. Bg5 Bxg5 41. Rxg5 Rh8 42. Rg1 Bc6 43. Rb1 f5 44.
exf5 Kf6 45. Rg1 Kxf5 46. Rg7 a6 47. Rc7 Bg2 48. Nd1 Ke6 49. Nc3 Rb8 50.
Kd2 Bf3 51. Kc2 Bg2 52. a4 Rb7 53. Rc8 Kd7 54. Rg8 Bc6 55. a5 Rb4 56. Rg7+
Kc8 57. Rh7 Kb8 58. Rg7 Kc8 59. Kd2 Rb2+ 60. Ke3 Rb3 61. Ne4 Bxe4 62. Kxe4
Ra3 63. Kd5 Rxd3+ 64. Kc6 Kb8 65. Rb7+ Kc8 66. Ra7 Kb8 67. Rxa6 Rd4 68.
Rb6+ Ka8 69. Kb5 d5 1/2-1/2

[Event "45th Capablanca Mem Open"]
[Site "Havana CUB"]
[Date "2010.06.13"]
[Round "4"]
[White "Lorenzana,W"]
[Black "Garcia Fuentes,S"]
[Result "1/2-1/2"]
[WhiteElo "2218"]
[BlackElo "2169"]
[EventDate "2010.06.10"]

1. d4 d5 2. c4 e6 3. Nf3 Nf6 4. Nc3 Be7 5. e3 O-O 6. Qc2 Nbd7 7. Be2 c6 8.
O-O a6 9. a4 Qc7 10. e4 dxe4 11. Nxe4 Nxe4 12. Qxe4 Nf6 13. Qc2 c5 1/2-1/2

[Event "45th Capablanca Mem Open"]
[Site "Havana CUB"]
[Date "2010.06.14"]
[Round "5"]
[White "Guerra Mendez,J"]
[Black "Jimenez Fraga,P"]
[Result "1-0"]
[WhiteElo "2471"]
[BlackElo "2460"]
[EventDate "2010.06.10"]

1. e4 c5 2. Nf3 Nc6 3. d4 cxd4 4. Nxd4 Nf6 5. Nc3 e5 6. Ndb5 d6 7. Bg5 a6
8. Na3 b5 9. Nd5 Be7 10. Bxf6 Bxf6 11. c4 b4 12. Nc2 a5 13. g3 Bg5 14. Bg2
O-O 15. O-O Ne7 16. Nce3 Bxe3 17. Nxe3 Bb7 18. Qd3 Qb6 19. Rfd1 Rfd8 20.
Rd2 Rac8 21. Rad1 Rc5 22. b3 Qc7 23. h4 h6 24. Bf3 Bc8 25. Nf5 Bxf5 26.
exf5 f6 27. Qb1 Kf8 28. Bd5 Nxd5 29. Rxd5 Ke7 30. Qe4 Qb6 31. R1d3 Qc6 32.
Qg4 Kf8 33. Rxc5 Qxc5 34. Rd5 Qc7 35. Qe4 Rb8 36. g4 Ke7 37. Qe3 Kf8 38.
Qd2 Rd8 39. g5 Qd7 40. Qd3 Qc7 41. gxf6 gxf6 42. c5 Rd7 43. Qd2 Rg7+ 44.
Kf1 dxc5 45. Qxh6 Kf7 46. Qh5+ Kg8 47. Qe8+ Kh7 48. Rd8 1-0

[Event "45th Capablanca Mem Open"]
[Site "Havana CUB"]
[Date "2010.06.14"]
[Round "5"]
[White "Perez Garcia,Rodn"]
[Black "Rasmussen,Kar"]
[Result "0-1"]
[WhiteElo "2424"]
[BlackElo "2428"]
[EventDate "2010.06.10"]

1. e4 c6 2. d4 d5 3. Nc3 dxe4 4. Nxe4 Bf5 5. Ng3 Bg6 6. N1e2 e6 7. Nf4 Qc7
8. c3 Nf6 9. Qf3 Bd6 10. Nxg6 hxg6 11. Ne4 Nxe4 12. Qxe4 Nd7 13. Be3 Nf6
14. Qf3 Nd5 15. g3 a5 16. Bd2 O-O 17. Bd3 e5 18. dxe5 Bxe5 19. O-O b5 20.
Rfe1 Rad8 21. Rad1 b4 22. Be4 bxc3 23. bxc3 Rd6 24. c4 Nf6 25. Bc2 Rfd8 26.
Bg5 c5 27. Rb1 R6d7 28. Rb5 Bd4 29. Bf4 Qa7 30. Reb1 Re8 31. Rb6 Rde7 32.
Bd3 Qd7 33. Rb7 Qh3 34. Rxe7 Rxe7 35. Qg2 Qe6 36. h3 Re8 37. Kh2 Qd7 38.
Bf1 Qf5 39. Rc1 g5 40. Bd2 Bxf2 41. Rc3 Ne4 42. Rf3 Bxg3+ 43. Rxg3 Nxd2 44.
Qxd2 Qxf1 45. Rg2 f6 46. Qxa5 Qxc4 47. Qd2 Qe4 48. Rf2 Kh8 49. Qd1 c4 50.
Qh5+ Kg8 51. Qd1 Qc6 52. Qd2 c3 53. Qc1 Qc5 54. Qc2 Re3 55. Qb3+ Kh7 56.
Qc2+ Kh6 57. Qd1 Qe5+ 0-1

[Event "45th Capablanca Mem Open"]
[Site "Havana CUB"]
[Date "2010.06.14"]
[Round "5"]
[White "Arencibia Rodriguez,W"]
[Black "Ortega,Mariano"]
[Result "1/2-1/2"]
[WhiteElo "2500"]
[BlackElo "2412"]
[EventDate "2010.06.10"]

1. d4 d5 2. c4 c6 3. Nc3 Nf6 4. Nf3 dxc4 5. a4 Bf5 6. e3 e6 7. Bxc4 Bb4 8.
O-O O-O 9. Qe2 Bg6 10. Ne5 Nbd7 11. Nxg6 hxg6 12. Rd1 Qa5 13. Bd2 Rad8 14.
Be1 c5 15. d5 exd5 16. Nxd5 Bxe1 17. Rxe1 Ne5 18. Red1 Nxc4 19. Ne7+ Kh7
20. Qxc4 Qb4 21. b3 Rfe8 22. Nd5 Qxc4 23. Nxf6+ gxf6 24. bxc4 Kg7 25. Kf1
Rxd1+ 26. Rxd1 Re4 27. Rc1 Re6 28. Ke2 Rb6 29. Kd3 Rb4 30. a5 f5 31. Kc3
Ra4 32. Rb1 Rxa5 33. Rxb7 Ra2 34. Rb2 Ra3+ 35. Kd2 a6 36. Ke2 Rc3 37. Ra2
Rxc4 38. Kd3 Rb4 39. Kc3 Rb6 40. Kc4 Rb5 41. h3 f4 42. exf4 Rb4+ 43. Kxc5
Rxf4 44. f3 Rf6 45. Kd4 Re6 46. h4 Kf6 1/2-1/2